| 000 | 01076nam a2200277Ia 4500 | ||
|---|---|---|---|
| 001 | Para_9992 | ||
| 003 | CHAP | ||
| 008 | 220125sAbri xx 000 0 und d | ||
| 010 | _a208621 | ||
| 040 | _cCHAP | ||
| 090 | _aPA CD - TESIS 73 | ||
| 100 |
_aCruz Galindo, Aide _929378 |
||
| 245 |
_aControl Biológico de Ralstonia solanacearum Smith raza 1 por el antagonismo de las cepas bacterianas : _b 3, 8 y 21 en tomate (Solanum lycopersicon Mill) de invernadero, Chapingo, México / _c Aide Cruz Galindo; Director Ma.a de Lourdes Rodríguez Mejía |
||
| 260 |
_aChapingo, Méx. : _b el autor |
||
| 300 | _a1 CDS ROM (60 p.) | ||
| 502 | _aTesis (Ing. Agr. Esp. en Parasitología Agrícola). UACh. Departamento Parasitología Agrícola | ||
| 700 |
_aRodríguez Mejía, Ma. de Lourdes. Director _9175064 |
||
| 710 |
_aUACh. Departamento Parasitología Agrícola _9164025 |
||
| 901 | _aPA CD - TESIS 73 | ||
| 902 | _aM | ||
| 905 | _a513220Abril, 2011 amn 08100000000 00 | ||
| 910 | _aAbri | ||
| 942 | _cPARA | ||
| 942 |
_cPARA _d2 |
||
| 999 |
_c208621 _d208621 |
||